00894nam a2200217 a 450000100100000000500170001000800410002702000150006804000250008310000260010824500750013426000270020930000360023649000480027250400730032050400330039371000730042683000550049995201050055499900170065900004102120201002034546.0130913s2001 sp 001 0 spa d a8400073015 aDO-SdBNPbspacBNPHU1 aAvenoza, Gemma96748813aLa biblia de Juda y la megel-lat antiochus en romance /cGemma Avenza. aMadrid :bCSIC,c2001. a215 p. (11) láminas ;c24 cm.1 aBiblioteca de filología hispánica ;v25 aIncluye referencias bibliográficas y notas al pie de las páginas aBibliografía : p. 163 -1922 aConsejo Superior de Investigaciones Científicas, (España)963834 0aBiblioteca de filología hispánica ;v25967489 001050718MOaGRbGRcCTd2013-10-29iLF1l0o p41021-10r2020-06-25w2020-06-25y1ZNo se presta c40511d40511